=LDR 00000nam 2200000 4500 =001 INLIS000000000019851 =005 20130612114852 =008 ***********************************Ind** =035 ##$$0010-061300000019851 =041 ##$$a Ind =082 ##$$a 828.83 =090 ##$$a 828.83, Ras t =100 ##$$a Russell, Robert =245 ##$$a To jaleh an angel =260 ##$$a 1963 $b London =300 ##$$a 248 hlm, 31 cm =650 ##$$a Kesusastraan Inggris-penulisan =850 ##$$a NBPNMAT